Estadísticas para 5 Países con la Costa más larga por Continente

Haz click aquí para intentar la prueba.

Estadísticas generales

  • Esta prueba ha sido intentada 101 veces
  • La puntuación promedio es 26 de 28

Estadísticas de respuestas

ContinentePaís% Correcto
OceaníaAustralia
100%
América del SurBrasil
100%
América del SurChile
100%
América del NorteEstados Unidos
100%
América del NorteCanadá
99%
Asia, EuropaRusia
99%
América del SurArgentina
98%
OceaníaNueva Zelanda
98%
América del SurColombia
97%
América del NorteMéxico
97%
EuropaReino Unido
97%
América del NorteCuba
96%
AsiaJapón
96%
EuropaNoruega
96%
América del SurVenezuela
96%
EuropaGrecia
94%
AsiaChina
92%
ÁfricaEgipto
92%
AsiaIndonesia
92%
ÁfricaSudáfrica
92%
ÁfricaMarruecos
91%
ÁfricaMadagascar
90%
OceaníaPapua Nueva Guinea
89%
EuropaSuecia
89%
AsiaFilipinas
82%
OceaníaIslas Salomón
81%
OceaníaVanuatu
74%
ÁfricaMozambique
73%

Distribución de puntuación

Porcentaje por número respondido

Porcentaje de gente con cada puntuación

Historial de tus puntuaciones

No has intentado esta prueba.